| 000 | 00505nam a2200169 4500 | ||
|---|---|---|---|
| 001 | 143469 | ||
| 003 | ES-MaACL | ||
| 005 | 20230906200826.0 | ||
| 007 | t| | ||
| 008 | 070214s1971 sp r ||||1| spa d | ||
| 100 | 1 |
_aSerrats Olle, Jaime. _9201769 |
|
| 245 | 1 | 0 |
_aNarciso Ibáñez Serrador / _cJaime Serrats Olle. |
| 260 |
_aBarcelona : _bDopesa, _c1971 ( _eRomanyáa de la Selva [Gerona] : _fValls) |
||
| 300 |
_a95 p. : _bil. ; _c20 cm. |
||
| 852 |
_aES-MaACL _jC-48081 _bR.81470 |
||
| 999 |
_c143469 _d143469 |
||